Το χρονικό των επιστημονικών ανακαλύψεων : πώς οι επιστήμες έπλασαν τη μορφή του κόσμου και πώς ο κόσμος επηρέασε τις επιστήμες από το 4.000.000 π.Χ. μέχρι σήμερα

Αποθηκεύτηκε σε:
Λεπτομέρειες βιβλιογραφικής εγγραφής
Κύριος συγγραφέας: Asimov, Isaac, 1920-1992
Άλλοι συγγραφείς: Μπαρουξής, Γιώργος (Μεταφραστής), Σταματάκης, Νικηφόρος (Μεταφραστής)
Μορφή: Βιβλίο
Γλώσσα:Greek
English
Δημοσίευση: Ηράκλειο : Πανεπιστημιακές Εκδόσεις Κρήτης, 1997.
Σειρά:Επιστήμη και ανθρώπινος πολιτισμός
Θέματα:
Ετικέτες: Προσθήκη ετικέτας
Δεν υπάρχουν, Καταχωρήστε ετικέτα πρώτοι!

MARC

LEADER 00000cam a2200000 i 4500
001 1/70696
008 980521s1997 gr | ||| |||| ||gre||
020 |a 9605240262 
035 |l 10030726 
040 |a GR-MyUa   |b gre   |e AACR2  
041 1 |a gre  |h eng 
082 7 |a 509   |2 (22)  
100 1 |a Asimov, Isaac,   |d 1920-1992. 
245 1 3 |a Το χρονικό των επιστημονικών ανακαλύψεων :   |b πώς οι επιστήμες έπλασαν τη μορφή του κόσμου και πώς ο κόσμος επηρέασε τις επιστήμες από το 4.000.000 π.Χ. μέχρι σήμερα /   |c Isaac Asimov ; απόδοση στα ελληνικά: Γιώργος Μπαρουξής, Νικηφόρος Σταματάκης. 
260 |a Ηράκλειο :   |b Πανεπιστημιακές Εκδόσεις Κρήτης,   |c 1997.  
300 |a 837 σ. ;   |c 25 εκ.  
490 1 |a (Επιστήμη και ανθρώπινος πολιτισμός)  
500 |a Το δεύτερο αντίτυπο αφορά την 7η έκδοση. Ποικίλες ανατυπώσεις που εμφανίζονται ως διαφορετικές εκδόσεις.  
504 |a Περιλαμβάνει ευρετήριο.  
500 |a Τίτλος πρωτοτύπου: Chronology of science and discovery.  
650 0 |a Science  |x History. 
650 0 |a Science  |x Social aspects. 
650 0 |a Inventions  |x Social aspects. 
700 1 |a Μπαρουξής, Γιώργος,  |e trl 
700 1 |a Σταματάκης, Νικηφόρος,  |e trl 
830 0 |a Επιστήμη και ανθρώπινος πολιτισμός 
852 |a INST  |b RHODES  |e 19980521  |h 509 ASI  |p 005400006337  |q 005400006337  |t BK  |y 0 
852 |a INST  |b RHODES  |e 20111221  |h 509 ASI  |p 005400033899  |q 005400033899  |t BK  |y 0 
901 |a BIBL-1998-2 
901 |a BIBL4-2011-3 
970 |z 1998/05/21  
922 |a 4ΕΛΗ  |b 199802  |c ΚΠΣ/ΔΕ  |d EMVASIS